00510nam a2200157 a 450000100100000000500170001000800410002704000250006808200150009324500350010826000510014330000190019404900090021395201130022299900170033500003261920200930065735.0110719s198- dr 000 0 spa d aDO-SdBNPbspacBNPHU axxxxbB61500aBiografía del padre Billini. aSanto Domingo :bLotería Nacional,c[198-?]. a4 p. ;c22 cm. aBNPD 0010718PDaPDbPDcCTd2011-07-19iLF1l0oxxxx B615p32619-10r2020-06-25w2020-06-25yLFPDZNo se presta c32110d32110